| 000 | 00526cam a2200169 4500 | ||
|---|---|---|---|
| 008 | 170509n 000 0 eng u | ||
| 020 | _a9780307236999 | ||
| 035 | _a(Sirsi) a202840 | ||
| 040 | _aCIP | ||
| 050 | _aHG 4521 KAN 2005 | ||
| 100 | _aKansas, Dave | ||
| 245 |
_aThe wall street journal : _b complete money and investing guide book/ _c Dave Kansas |
||
| 260 |
_aNew York : _b Three Rivers Press, _c2005. |
||
| 300 | _a221 p. | ||
| 504 | _aIncludes bibliographical references and indes | ||
| 650 | _aInvestments | ||
| 999 |
_c127584 _d127584 |
||